Annual Audit CR of Nurses' and Midwives' Training College, Tamale Northern Region for the year 2022 (Record no. 3890)
[ view plain ]
| 000 -LEADER | |
|---|---|
| fixed length control field | 00474nam a2200145Ia 4500 |
| 008 - FIXED-LENGTH DATA ELEMENTS--GENERAL INFORMATION | |
| fixed length control field | 240429s9999||||xx |||||||||||||| ||und|| |
| 041 ## - LANGUAGE CODE | |
| Language code of text/sound track or separate title | eng |
| 082 ## - DEWEY DECIMAL CLASSIFICATION NUMBER | |
| Classification number | CR/NMTC/22 |
| 100 ## - MAIN ENTRY--PERSONAL NAME | |
| Personal name | Ghana Audit Service |
| 245 #0 - TITLE STATEMENT | |
| Title | Annual Audit CR of Nurses' and Midwives' Training College, Tamale Northern Region for the year 2022 |
| 300 ## - PHYSICAL DESCRIPTION | |
| Extent | 21p: tabs |
| 650 ## - SUBJECT ADDED ENTRY--TOPICAL TERM | |
| Topical term or geographic name entry element | Annual Audit CR of Nurses' and Midwives' Training College, Tamale Northern Region for |
| 942 ## - ADDED ENTRY ELEMENTS (KOHA) | |
| Koha item type | Annual Report |
| Withdrawn status | Lost status | Damaged status | Not for loan | Home library | Current library | Shelving location | Date acquired | Total checkouts | Full call number | Date last seen | Copy number | Price effective from | Koha item type |
|---|---|---|---|---|---|---|---|---|---|---|---|---|---|
| Main Library | Main Library | Open Shelves | 14/12/2023 | CR/NMTC/22 7891 C1 - CR/NMTC/22 7892 C2 - CR/NMTC/22 7893 C3 | 29/04/2024 | 1 | 29/04/2024 | Annual Report |